[Event "Denker Memorial 26th"]
[Site "Chess.com INT"]
[Date "2020.07.25"]
[Round "3"]
[White "Wu, Logan"]
[Black "Lewis Sandy, Joshua"]
[Result "0-1"]
[WhiteElo "2146"]
[BlackElo "1893"]
[PlyCount "128"]
[EventDate "2020.07.25"]
[EventType "swiss"]
[EventRounds "6"]
[EventCountry "USA"]
[SourceTitle "EXT 2021"]
[Source "ChessBase"]
[SourceDate "2020.10.23"]
[SourceVersion "1"]
[SourceVersionDate "2020.10.23"]
[SourceQuality "1"]

1. e4 c5 2. Nf3 Nc6 3. d4 cxd4 4. Nxd4 g6 5. c4 Nf6 6. Nc3 d6 7. Be2 Nxd4 8. Qxd4 Bg7 9. Be3 0-0 10. Qd2 Be6 11. f3 Rc8 12. b3 b5 13. e5 dxe5 14. Nxb5 a6 15. Qxd8 Rfxd8 16. Nc3 e4 17. Rc1 exf3 18. gxf3 Nd7 19. 0-0 Ne5 20. Ne4 Bf5 21. Rfd1 Nc6 22. Kf2 Be5 23. Ng3 Nd4 24. Bf1 h5 25. f4 Bf6 26. Bg2 Bg4 27. Rd2 Rd6 28. Ne4 Bh4+ 29. Kg1 Ne2+ 30. Rxe2 Bxe2 31. Nxd6 exd6 32. Rc2 Bg4 33. Rd2 Re8 34. Bf2 Be7 35. Rd5 Bf8 36. Ra5 Bc8 37. Bf3 Bh6 38. f5 Bd2 39. Rd5 Bb4 40. fxg6 fxg6 41. Rd1 Kh7 42. Bg3 Re3 43. Kg2 Rxf3 44. Bxd6 Bxd6 45. Rxd6 Bb7 46. Kg1 Rf7 47. a4 h4 48. h3 Bc8 49. Kg2 Kh6 50. c5 a5 51. c6 Rc7 52. Kf2 Bxh3 53. Kf3 Bf5 54. Kf4 h3 55. Kg3 Kg5 56. Kh2 Kf4 57. Rd4+ Ke5 58. Rc4 Kd5 59. Rc1 Rxc6 60. Rd1+ Kc5 61. Rd8 Kb4 62. Rb8+ Ka3 63. Rb5 Rc2+ 64. Kg1 h2+ 0-1

[Event "Washington State-chB"]
[Site "Kirkland"]
[Date "2020.02.16"]
[Round "7"]
[White "Lewis Sandy, Joshua"]
[Black "Nguyen, Thanh Tien"]
[Result "1-0"]
[WhiteElo "1829"]
[BlackElo "1985"]
[PlyCount "49"]
[EventDate "2020.02.08"]
[EventType "tourn"]
[EventRounds "9"]
[EventCountry "USA"]
[SourceTitle "EXT 2023"]
[Source "ChessBase"]
[SourceDate "2022.10.05"]
[SourceVersion "1"]
[SourceVersionDate "2022.10.05"]
[SourceQuality "1"]

1. e4 d6 2. d4 Nf6 3. Nc3 g6 4. Be3 Bg7 5. Be2 Nc6 6. f4 0-0 7. Nf3 e5 8. fxe5 dxe5 9. d5 Nd4 10. Nxd4 exd4 11. Bxd4 Nxe4 12. Bxg7 Kxg7 13. Nxe4 Qh4+ 14. Nf2 Qb4+ 15. Qd2 Qxb2 16. 0-0 Rd8 17. Ng4 f5 18. Ne3 c6 19. Bf3 f4 20. Nc4 Qf6 21. Rad1 b5 22. Na5 c5 23. d6 Bd7 24. Bxa8 Rxa8 25. Qxf4 1-0